[Event "2nd IMSA Basque 2017-Women"]
[Site "Huaian"]
[Date "2017.12.14"]
[Round "3"]
[White "Muzychuk, Mariya"]
[Black "Tan, Zhongyi"]
[Result "1-0"]
[WhiteElo "2544"]
[BlackElo "2517"]
[Annotator "TA"]
[PlyCount "115"]
[EventDate "2017.??.??"]
[EventType "tourn"]
[EventCountry "CHN"]
[SourceTitle "playchess.com"]
[Source "ChessBase"]
[SourceQuality "1"]

{[%evp 17,115,-3,3,-18,-13,-5,62,29,28,22,25,33,26,0,0,0,0,0,4,0,0,5,0,-62,-35,-70,-62,-64,-72,-78,-70,-72,-67,-75,-56,-61,-48,-129,-129,-133,-78,-75,-76,-83,-20,-13,0,0,0,0,0,0,0,0,0,-75,-79,-88,-83,-83,-83,-83,-79,-87,-67,-85,-68,-80,-57,-58,-8,-10,-8,-13,-8,-10,-10,-133,-10,-10,-10,-10,-10,-10,0,0,0,0,0,-3,0,0,0,0,29981,29982,29982,29983,29992,29993]} 1. e4 e5 2. Nf3 Nc6 3. d4 exd4 4. Nxd4 Bc5 5. Nb3 Bb6 6. Qe2 d6 7. Nc3 Nf6 {C45: Schottische Partie} 8. Bg5 (8. Be3 Be6 9. O-O-O Qe7 10. g3 Nd7 11. Bg2 O-O-O 12. Rhe1 Rhe8 13. Kb1 Bxe3 14. Qxe3 Nb6 15. Nd4 {½-½ (44) Saric,I (2618)-Andreikin,D (2723) Minsk 2017}) 8... h6 9. Bh4 Be6 {LiveBook: 7 Partien. Die Stellung ist ausgeglichen.} 10. Nd5 g5 11. Bg3 Bxd5 (11... O-O $11 12. O-O-O Re8) 12. exd5+ $14 Ne7 13. O-O-O Qd7 {[#]} 14. Qf3 $146 ({Vorgänger:} 14. c4 O-O-O 15. Qc2 Nh5 16. Bd3 {1-0 (33) Voitsekhovsky,S (2513)-Gavrilov,A (2498) Kaluga 2012}) 14... Qf5 15. Bb5+ Kf8 16. Qc3 {Droht stark Ld3.} Rg8 $1 17. Bd3 Nfxd5 18. Qd2 Qf6 19. Be4 Nf4 $1 20. Bxf4 (20. Bxb7 $11 Rb8 21. Be4) 20... Qxf4 $15 21. Qxf4 gxf4 22. Bxb7 Rb8 23. Be4 Bxf2 24. Nd4 Rb4 25. c3 Ra4 (25... Rc4 {is interesting.} 26. Kc2 d5 27. Bf3 Bxd4 28. Rxd4 Rxd4 29. cxd4 c6) 26. Kb1 Bxd4 (26... d5 {is more complex.} 27. Bc2 Ra6 28. Rd2 Be3 29. Re2 Bxd4 30. cxd4 Rg4) 27. Rxd4 (27. cxd4 $15 c5 28. Rhf1) 27... Rxd4 $17 28. cxd4 $15 {[%mdl 4096] Endspiel KTL-KTS} Ke8 ({Günstiger ist} 28... c6 29. Bf3 d5) 29. Rc1 Kd7 30. Rc3 f5 (30... Rg5 $17) 31. Bf3 $11 Rb8 32. Ra3 Rb4 33. Rxa7 Rxd4 34. Ra8 Ng6 35. Rg8 Ne5 36. Rh8 (36. Rg7+ $11 {bleibt in der Remisbreite.} Kd8 37. Rg8+ Ke7 38. Rg7+ Kd8 39. Rg8+ Ke7 40. Rg7+ Kd8) 36... Nxf3 $17 37. gxf3 {KT-KT} Rd3 38. Rxh6 Rxf3 {Weiss muss nun ...Te3 beachten.} 39. Rf6 Rf1+ 40. Kc2 Rf2+ 41. Kc3 Rxh2 42. Rxf5 Rf2 43. a4 {[%cal Ba2a4,Ba4a5,Ba5a6,Ba6a7][%mdl 32]} c5 {Mit der Idee ...Ke6.} 44. a5 Kc6 {Schwarz will ...Tf3+ spielen.} 45. a6 Rf1 {Weiss sollte ...Tc1+ verhindern.} 46. a7 Ra1 47. Rf7 {[#]} (47. b4 $1 $11 {war der einzige Weg, das Gleichgewicht zu behalten.}) 47... d5 (47... f3 $1 $17 {[%mdl 512] Droht ...f2!} 48. Rxf3 Rxa7) 48. b4 $1 $11 Ra3+ 49. Kb2 $1 {[%cal Rb2a3]} cxb4 {zielt auf ...Kc5 ab.} 50. Rxf4 Kc5 51. Rf7 Kc4 52. Rc7+ Kd3 53. Rh7 $132 {[%mdl 2048] Droht Th3+ und aus. Weiss has counterplay} ({Falsch wäre} 53. Rc3+ $2 bxc3+ 54. Kxa3 c2 $19) 53... Ra6 54. Kb3 d4 55. Kxb4 Ke3 $2 {[%mdl 8192] [#]} (55... Ke4 $11) 56. Rh3+ {Weiß setzt Matt.} Ke2 57. Ra3 Rb6+ 58. Kc5 {Precision: Weiß = 83%, Schwarz = 42%.} 1-0

[Event "2nd IMSA Basque 2017-Women"]
[Site "Huaian"]
[Date "2017.12.14"]
[Round "3"]
[White "Dzagnidze, Nana"]
[Black "Paehtz, Elisabeth"]
[Result "0-1"]
[WhiteElo "2522"]
[BlackElo "2464"]
[Annotator "TA"]
[PlyCount "108"]
[EventDate "2017.??.??"]
[EventType "tourn"]
[EventCountry "CHN"]
[SourceTitle "playchess.com"]
[Source "ChessBase"]
[SourceQuality "1"]

{[%evp 18,108,35,39,55,20,67,72,69,29,31,14,27,19,46,29,14,-55,-75,-66,-69,-89,-98,-88,-117,-126,0,-255,-265,-264,-262,-368,-348,-347,-353,-368,-289,-291,-287,-284,-261,-285,-283,-316,-311,-369,-393,-414,-407,-339,-329,-316,-322,-639,-639,-638,-636,-627,-633,-562,-130,-141,-17,-11,0,0,0,-100,0,-45,0,-23,-35,-33,-26,-40,-13,-77,-68,-60,-33,-223,-223,-29981,-183,-29975,-29976,-29975,-29976,-29976,-29976,-29980,-29980]} 1. Nf3 g6 2. c4 Bg7 3. Nc3 d6 4. d4 Nf6 5. g3 O-O 6. Bg2 Nc6 7. O-O a6 8. Bf4 Rb8 {E63: King's Indian: Fianchetto: Panno Variation with 7...a6} 9. Rc1 h6 10. b3 {LiveBook: 11 Games} Kh7 $146 {White is slightly better.} ({Predecessor:} 10... g5 11. d5 gxf4 12. dxc6 fxg3 13. hxg3 b5 14. cxb5 axb5 15. b4 d5 {½-½ (41) Carlsen,M (2862)-Nakamura,H (2772) Saint Louis 2013}) 11. e4 Nh5 12. Be3 $1 e5 13. c5 dxc5 {[%cal Re5d4]} 14. dxc5 Be6 15. Qe2 Qe8 16. Nd5 Rc8 17. Nd2 ({White should try} 17. Nh4 $11) 17... f5 $1 $15 {[%cal Rf5f4]} 18. exf5 gxf5 {[%cal Bg6f5,Bf5f4][%mdl 32] Hoping for ...f4.} 19. Nc4 f4 $1 20. Bd2 Nd4 21. Qd3+ Kh8 (21... Bf5 $17 22. Be4 Rd8) 22. gxf4 $2 {[%mdl 8192]} (22. Rfe1 $1 $11 f3 23. Nxe5 fxg2 24. Ng6+ Qxg6 25. Qxg6 Nf3+ 26. Kxg2 Bxd5 27. Qxh5 Nxe1+ 28. Kf1) 22... Nxf4 $19 23. Nxf4 exf4 24. Bc3 (24. Rfe1 $142 f3 25. Bxh6 Bxh6 26. Qxd4+ Kg8 27. Qe4 fxg2 28. Rc3) 24... Bf5 25. Qd2 Ne2+ 26. Kh1 {Threatens to win with Bxg7+.} Nxc3 27. Rxc3 Rd8 28. Qc1 Bxc3 29. Qxc3+ Kh7 30. Re1 Qf7 31. Bxb7 Rfe8 32. Rg1 Rg8 33. Re1 Rd3 34. Qe5 Qh5 $1 {[%cal Rh5h2]} 35. Qxf4 $2 (35. f3 Rxf3 36. Qe2 (36. Be4 $2 {leads to mate.} Qxh2+ 37. Kxh2 Rh3#)) 35... Rd1 $1 {[%cal Rd1e1]} 36. Qe3 Re8 37. Ne5 Rxe1+ 38. Qxe1 {[#]} Qh4 $2 (38... Qg4 $1 $19 {[%mdl 512] and Black stays clearly on top.} 39. Bc6 (39. Nxg4 Rxe1+) 39... Re7 40. Nxg4 Rxe1+ 41. Kg2 Bxg4) 39. Qe3 $17 Qf6 (39... Qh3 $17 40. Qxh3 Bxh3) 40. f4 $11 Rd8 41. Bf3 Rg8 42. Be4 (42. Bd5 $11 {keeps the balance.} Rd8 43. Bf3) 42... Kh8 (42... Bxe4+ $17 43. Qxe4+ Kh8) 43. Bf3 Qe6 {[%mdl 1024] Black has compensation.} 44. Qd4 {aiming for Bd5.} Rg7 45. Qd8+ Kh7 46. Qd4 Qf6 47. Be4 (47. b4 $11) 47... Bxe4+ $17 48. Qxe4+ {[%mdl 4096] Endgame KQR-KQN} Kh8 49. Qd4 $2 {[#]} (49. Qd3 $15) 49... Qf5 $1 $19 {[%cal Rf5b1] ( -> ...Qb1+)} 50. Nd3 $2 (50. Qd3 $19 Qxd3 51. Nxd3) 50... Qg4 $2 (50... Qh3 {mates} 51. Qxg7+ Kxg7 52. Kg1 Qxd3 53. Kg2 Qe2+ 54. Kg3 Qxa2 55. b4 Qb3+ 56. Kg2 Qxb4 57. f5 a5 58. Kf3 a4 59. c6 a3 60. h3 a2 61. h4 a1=Q 62. f6+ Kxf6 63. h5 Qf1+ 64. Kg3 Qbf4#) 51. Qf2 $2 (51. Ne1 $19) 51... Qd1+ {Black mates.} 52. Ne1 {[#]} Re7 $1 {[%cal Re7e1]} 53. Qb2+ Kg8 54. Qg2+ Kf7 {Precision: White = 30%, Black = 56%.} 0-1

[Event "2nd IMSA Basque 2017-Women"]
[Site "Huaian"]
[Date "2017.12.14"]
[Round "3"]
[White "Tan, Zhongyi"]
[Black "Muzychuk, Mariya"]
[Result "1-0"]
[WhiteElo "2517"]
[BlackElo "2544"]
[Annotator "TA"]
[PlyCount "117"]
[EventDate "2017.??.??"]
[EventType "tourn"]
[EventCountry "CHN"]
[SourceTitle "playchess.com"]
[Source "ChessBase"]
[SourceQuality "1"]

{[%evp 17,117,0,64,17,33,20,85,28,75,77,91,16,9,18,46,52,66,64,43,60,108,104,109,111,118,88,105,86,81,67,94,54,62,73,76,45,50,47,47,39,52,34,33,16,23,0,26,29,59,69,129,132,139,132,122,114,143,104,91,85,152,156,231,208,436,452,451,440,513,514,501,504,502,492,488,483,477,475,714,689,12841,12837,12841,0,0,0,12843,12843,12844,12844,12845,0,12845,12846,12846,12847,12847,12847,12848,12847,12847,12847]} 1. d4 Nf6 2. c4 e6 3. Nf3 c5 4. d5 b5 5. dxe6 fxe6 6. cxb5 d5 7. e3 Bd6 8. b3 {E10: Blumenfeld Gambit} (8. Nbd2 O-O 9. b3 a6 10. bxa6 Nxa6 11. Be2 e5 12. e4 Nb4 13. O-O d4 14. Bc4+ Kh8 15. a3 Qe7 {1-0 (41) Goganov,A (2601)-Savchenko,B (2566) Vladivostok 2015}) 8... O-O 9. Bb2 Nbd7 {LiveBook: 3 Games} (9... Qe7 $11) 10. Bd3 {White is slightly better.} Qe8 $146 ({Predecessor:} 10... Bb7 11. Nbd2 Qe7 12. Qe2 Ne4 13. O-O Rf5 14. g3 Qf7 15. Ne1 Be5 16. Bxe5 Nxe5 {1-0 (26) Piankov,E (2374)-Felizes,P (2140) Linares 2000}) 11. Nbd2 Bb7 (11... e5 $11 12. e4 c4 13. bxc4 Nc5) 12. O-O (12. Qe2 $16) 12... Qh5 13. h3 e5 {Threatening ...e4.} 14. e4 (14. Nh2 $1 $16) 14... dxe4 $11 15. Bc4+ Kh8 16. Nh2 {And now Qxh5 would win.} Qg5 17. Ng4 $36 {[%mdl 2048] White has good play.} Rad8 {...Nxg4 is the strong threat.} 18. Ne3 Nh5 19. Qg4 Qxg4 20. hxg4 ({But not} 20. Nxg4 Nf4 $14) 20... Nf4 21. Bc3 Nb6 22. Ba5 Bc7 23. Rad1 Rf6 24. g3 Nh3+ 25. Kg2 Ng5 26. Nb1 {[%cal Bd2b1,Bb1c3,Bc3a4][%mdl 32]} Rd4 27. Bxb6 Bxb6 28. Nc3 Rf8 29. Bd5 Bc8 30. Bc6 Ba5 31. Na4 Bb4 32. Nb2 Nf3 33. Nbc4 Nd2 (33... Be6 $14) 34. Nxd2 $16 Bxd2 35. Nc4 Bc3 36. Rxd4 Bxd4 37. Bxe4 Bxg4 38. f3 $1 {[%cal Rf3g4]} Be6 (38... Bd7 $142) 39. a4 g5 (39... Rb8 $16) 40. a5 $18 Rb8 $2 (40... Kg7 41. b6 axb6) 41. b6 axb6 42. a6 b5 43. a7 Rd8 {[#]} 44. Nd6 $1 {[%mdl 512]} c4 (44... Rxd6 45. a8=Q+) 45. a8=Q Rxa8 46. Bxa8 cxb3 47. Nxb5 Bc4 (47... Be3 $142 48. Rb1 Bb6) 48. Nxd4 Bxf1+ 49. Kxf1 exd4 {[%mdl 4096] Endgame KB-KP} 50. g4 $2 ({Better is} 50. f4 $18 gxf4 51. gxf4) 50... Kg7 $1 $11 51. Ke2 {Hoping for Be4.} h5 $2 {[%mdl 8192]} (51... Kf6 $11) 52. gxh5 $18 {KB-K3P} Kh6 53. Be4 Kxh5 54. Bf5 $2 (54. Kf2 $18 Kh6 55. Kg3) 54... b2 $2 {[%mdl 8192]} (54... Kh4 $11) 55. Kf2 {White is clearly winning.} Kh4 {[#]} 56. Kg2 $1 g4 {[#]} 57. f4 $1 {[%cal Bf3f4,Bf4f5][%mdl 32]} g3 58. Bb1 Kg4 59. f5 {Precision: White = 62%, Black = 38%.} 1-0

[Event "2nd IMSA Basque 2017-Women"]
[Site "Huaian"]
[Date "2017.12.14"]
[Round "3"]
[White "Harika, Dronavalli"]
[Black "Stefanova, Antoaneta"]
[Result "1/2-1/2"]
[WhiteElo "2504"]
[BlackElo "2500"]
[Annotator "TA"]
[PlyCount "130"]
[EventDate "2017.??.??"]
[EventType "tourn"]
[EventCountry "CHN"]
[SourceTitle "playchess.com"]
[Source "ChessBase"]
[SourceQuality "1"]

{[%evp 20,130,9,17,20,22,51,0,25,19,23,12,123,8,20,20,42,39,289,19,10,0,14,3,35,12,70,29,52,30,30,6,121,5,14,17,64,57,45,37,64,0,120,110,86,103,114,0,58,-105,-104,-112,-111,-155,-108,-108,-41,-51,0,-10,-7,-10,0,0,0,0,-14,-114,-129,-186,0,0,0,0,0,0,0,-31,-41,-41,0,0,0,0,0,0,0,0,0,0,0,0,0,0,0,0,0,0,0,0,0,0,0,0,0,0,0,0,0,0,0,0,0]} 1. e4 e5 2. Nf3 Nc6 3. Bc4 Bc5 4. O-O Nf6 5. d3 d6 6. c3 h6 7. Re1 O-O 8. h3 a5 {C54: Giuoco Piano: 4 c3 Nf6, main lines with 5 d4 and 5 d3} 9. Nbd2 a4 (9... Be6 10. Bb5 Qb8 11. Nf1 Qa7 12. Be3 Bxe3 13. Nxe3 Ne7 14. a4 Ng6 15. Bc4 Bxc4 16. Nxc4 {½-½ (44) Carlsen,M (2837)-Ding,L (2774) Saint Louis 2017}) 10. Nf1 Bd7 11. Bb5 {LiveBook: 5 Games} Qb8 $146 ({Predecessor:} 11... Ne7 12. Bxd7 Qxd7 13. Ng3 Ra6 14. d4 {½-½ (31) Kryvoruchko,Y (2692)-Erdos,V (2624) Heraklio 2017}) 12. Ng3 Ra5 13. c4 (13. Bxa4 $14 Qa7 14. d4 Bxd4 15. Nxd4 exd4 16. Bxc6 bxc6 17. Qxd4) 13... Ne7 14. Bxd7 Nxd7 15. Nh4 Kh7 (15... Qd8 $1 $11) 16. Rf1 (16. Ngf5 $16 Ng6 17. Nxg7) 16... Qd8 17. Kh1 Ng8 18. Nhf5 Ra8 $2 {[#]} (18... Re8 $14) 19. f4 $2 (19. Nxg7 $1 $18 {[%mdl 512]} a3 (19... Kxg7 20. Nh5+) 20. b4 $1 {[%mdl 512]}) 19... g6 $11 20. Ne3 Qh4 21. Ne2 c6 22. f5 Ne7 (22... Ngf6 $11) 23. Ng1 Bxe3 24. Bxe3 gxf5 25. exf5 Nf6 (25... Rg8 $11) 26. Qf3 ({Better is} 26. Nf3 $16 Qh5 27. Qe1) 26... Rg8 27. Bf2 Qh5 28. Qxh5 Nxh5 29. g4 {Bh4 is the strong threat.} Nf4 30. d4 (30. Rad1 $1 $14) 30... h5 (30... Rge8 $11 {keeps the balance.}) 31. dxe5 $16 dxe5 {[#]} 32. Bh4 $1 {[%cal Rh4e7]} Rae8 33. Rae1 ({White should play} 33. Nf3 $16) 33... Nc8 (33... Nd3 $11 34. Rd1 (34. Re3 Nxb2 35. Rxe5 Nc8 $15) 34... e4 35. gxh5 Nc8) 34. g5 $2 (34. Nf3 $14 {stays ahead.}) 34... Nd6 $36 {[%mdl 2048] Black is on the roll.} 35. Bg3 Nxc4 36. Nf3 Nxh3 37. b3 {[#]} axb3 ({Much worse is} 37... Nxg5 $6 38. bxc4 e4 39. Nxg5+ Rxg5 40. Re3 $11) (37... e4 $1 $17 {[%cal Re4f3]} 38. g6+ fxg6) 38. axb3 $15 Nd6 {[#]} ({Of course not} 38... Nxg5 39. bxc4 e4 40. Nxg5+ Rxg5 41. Re3 $11) 39. g6+ $1 {[%mdl 512]} fxg6 40. Kh2 $1 {Hoping for fxg6+.} Nf4 41. Nxe5 g5 42. Bxf4 gxf4 43. Rxf4 (43. f6 $11) 43... Rgf8 $17 44. f6 (44. Rd4 $17 {is a better defense.} Nxf5 45. Rd7+ Re7 46. Rf1 Rxd7 47. Nxd7) 44... Re6 $2 ({Black should try} 44... Nf7 $19 45. Rh4 Nxe5 46. Rxh5+ Kg6 47. Rhxe5 Rxe5 48. Rxe5 Kxf6) 45. f7 $15 {[#]} Nxf7 $1 {[%mdl 512]} 46. Ref1 $1 (46. Nxf7 Rxe1) 46... Rxe5 47. Rxf7+ Rxf7 48. Rxf7+ $11 {[%mdl 4096] Endgame KR-KR} Kg6 49. Rxb7 Rb5 50. Rc7 {The position is equal.} c5 51. Kg2 Kf5 {White must now prevent ...Ke4.} 52. Kf2 Ke4 {aiming for ...Kd3.} 53. Ke2 $1 Kd4 54. Rh7 Rxb3 {Strongly threatening ...Rb2+.} 55. Rxh5 Rb2+ 56. Kd1 c4 57. Rh3 c3 58. Kc1 $1 Rg2 59. Rh8 Kd3 {[%cal Rg2g1]} 60. Rd8+ Kc4 61. Rc8+ Kb3 {[%cal Rg2g1]} (61... Kd3 $5 62. Rd8+ $8 Kc4 $11) 62. Rb8+ Kc4 63. Rc8+ Kd3 {[%cal Rg2g1]} (63... Kb3 $5 64. Rb8+ $8 Kc4 $11) 64. Rd8+ Kc4 65. Rc8+ Kd4 {Precision: White = 55%, Black = 38%.} 1/2-1/2

[Event "2nd IMSA Basque 2017-Women"]
[Site "Huaian"]
[Date "2017.12.14"]
[Round "3"]
[White "Stefanova, Antoaneta"]
[Black "Harika, Dronavalli"]
[Result "1/2-1/2"]
[WhiteElo "2500"]
[BlackElo "2504"]
[Annotator "TA"]
[PlyCount "125"]
[EventDate "2017.??.??"]
[EventType "tourn"]
[EventCountry "CHN"]
[SourceTitle "playchess.com"]
[Source "ChessBase"]
[SourceQuality "1"]

{[%evp 9,125,28,45,0,0,6,41,42,63,29,126,114,135,127,217,142,118,0,197,190,180,127,119,120,132,128,122,127,117,124,117,120,132,102,128,118,128,117,116,112,119,108,102,100,112,114,147,48,157,151,182,174,179,151,288,277,285,300,362,335,334,316,283,157,128,6,2,2,4,0,0,0,5,8,10,12,126,104,103,46,45,44,33,32,33,39,44,20,57,11,24,0,0,0,0,0,0,0,0,0,0,0,0,0,0,0,0,0,0,0,0,0,0,0,0,0,0,0]} 1. Nf3 g6 2. d4 Nf6 3. Nc3 Bg7 4. Bf4 d6 5. Qd2 c6 {LiveBook: 7 Games} 6. Bh6 {A48: 1 d4 Nf6 2 Nf3 g6: Torre, London and Colle Systems} (6. e4 b5 7. Bd3 Bg4 8. Bh6 Bxh6 9. Qxh6 Bxf3 10. gxf3 Nbd7 11. O-O-O e5 12. dxe5 dxe5 13. f4 Ng4 14. Qg7 Qf6 15. Qxf6 Ndxf6 16. fxe5 {0-1 (43) Kaliksteyn,A (2425)-Sevian,S (2615) Dallas 2017}) 6... Bxh6 7. Qxh6 Bf5 8. Ng5 $146 {White is slightly better.} ({Predecessor:} 8. O-O-O Qa5 9. Nd2 Nbd7 10. e4 Be6 11. d5 cxd5 12. Nb3 Qb6 13. exd5 {½-½ (40) Mouroutis,K (2169)-Spirakopoulos,I (2102) Porto Rio 2015}) 8... d5 9. O-O-O b5 (9... Qd6 $1 $11 {remains equal.}) 10. f3 $1 $16 b4 11. Na4 $36 {[%mdl 2048] Black is under strong pressure.} (11. Qg7 Rf8 $14) 11... Qa5 (11... Rf8 $16 {was worth a try.} 12. Rg1 (12. Nxh7 Nxh7 13. Qxh7 Nd7 $16) 12... Qd6) 12. b3 Nbd7 {[#]} 13. g4 (13. e4 $1 $16 {[%cal Re4f5][%mdl 512]} dxe4 14. Bc4) 13... Be6 $2 (13... Bxc2 $1 $11 {and Black is okay.} 14. Kxc2 Nb6) 14. Nxe6 $18 fxe6 15. Qe3 (15. Kb1 $18) 15... Nb6 $16 16. Qxe6 Nxa4 17. Qxc6+ ({But not} 17. bxa4 Qxa4 18. Kb1 Rd8 $14) 17... Kf7 18. Qxa4 (18. bxa4 $2 a6 $17) 18... Qxa4 19. bxa4 Rhc8 20. g5 Nh5 21. e4 Nf4 22. Ba6 Rc3 23. exd5 Rd8 24. Rhe1 Rd6 25. Bb7 Nxd5 26. f4 Ne3 27. Rd2 e6 28. a5 (28. Be4 $16) 28... Rd7 (28... Nc4 $14 29. Rd3 b3 30. Rxc3 (30. axb3 Rxd3 31. cxd3 Nxa5 $11) 30... bxa2) 29. a6 Rd6 30. Kb1 Nc4 31. Rde2 Rxd4 (31... Na3+ $16 {might work better.} 32. Kb2 Rc7) 32. Rxe6 $18 Na3+ 33. Kb2 {Threatening mate with Re7+.} Rxc2+ {[#]} 34. Kb3 $1 {Re7+ would kill now.} Rc3+ 35. Ka4 {White threatens Re7+ and mate.} Rc7 36. R6e4 (36. R1e4 $18 Nc2 37. Rxd4 Nxd4 38. Re4) 36... Rd8 $16 37. R1e2 (37. Rf1 $16) 37... Nb1 $11 {Hoping for ...Nc3+.} 38. Kxb4 {Black must now prevent Rc4.} Nd2 39. Re6 $1 {[%cal Re6c6] And now Rc6 would win.} Rd4+ $1 40. Ka3 Nc4+ 41. Kb3 Na5+ 42. Kb2 Rb4+ (42... Nxb7 $11 43. Rf6+ Kg7 44. axb7 Rxb7+ 45. Ka3 Rc4) 43. Ka3 $16 {Intending Bd5 and mate.} Rd4 44. R6e4 ({White should try} 44. Rf6+ $16 Kg8 45. f5) 44... Rd3+ $14 45. Kb4 Nxb7 46. axb7 Rxb7+ {[%mdl 4096] Endgame KRR-KRR} 47. Ka4 Rbd7 48. h4 R3d6 49. Kb3 Rd3+ 50. Kc2 Rh3 {The position is equal.} 51. f5 gxf5 52. Re5 Rxh4 {aiming for ...Kg6.} 53. Rxf5+ Kg6 54. Ra5 Rc4+ 55. Kb3 Rc6 56. Rh2 Rb7+ 57. Ka4 {Threatens to win with Rh6+.} Kg7 58. Rh4 Rc2 {[%cal Rc2a2]} 59. a3 Rg2 60. Rb4 Rf7 61. Rc4 Rb7 62. Rb4 Rf7 63. Rc4 {Precision: White = 57%, Black = 51%.} 1/2-1/2

[Event "2nd IMSA Basque 2017-Women"]
[Site "Huaian"]
[Date "2017.12.14"]
[Round "3"]
[White "Zhao, Xue"]
[Black "Ushenina, Anna"]
[Result "1-0"]
[WhiteElo "2477"]
[BlackElo "2416"]
[Annotator "TA"]
[PlyCount "99"]
[EventDate "2017.??.??"]
[EventType "tourn"]
[EventCountry "CHN"]
[SourceTitle "playchess.com"]
[Source "ChessBase"]
[SourceQuality "1"]

{[%evp 9,99,14,31,0,0,4,17,-18,-21,-14,-15,-15,-21,-26,-15,-37,0,-43,-43,-40,-27,-22,0,-14,-12,-25,-12,0,0,-7,-4,-13,0,0,22,0,0,-11,0,-9,0,-4,-3,-6,-3,-7,0,-14,54,67,66,52,37,43,66,52,58,35,39,36,42,54,83,110,282,290,283,275,270,196,248,182,255,251,252,245,377,243,230,0,835,801,957,928,855,833,5281,5210,2758,1989,29977,29980]} 1. Nf3 d5 2. d4 c6 3. Bf4 Bf5 4. e3 e6 5. Nbd2 Nf6 6. Bd3 {D02: 1 d4 d5 2 Nf3 sidelines, including 2...Nf6 3 g3 and 2...Nf6 3 Bf4} (6. c4 Nbd7 7. Be2 Be7 8. h3 Ne4 9. O-O Nxd2 10. Nxd2 O-O 11. Qb3 Qb6 12. Rfc1 Rfc8 13. Bf1 h6 14. a3 Qxb3 15. Nxb3 {½-½ (31) Mirzoev,A (2549)-Guliev,L (2385) Baku 2015}) 6... Bxd3 7. cxd3 Nh5 8. Bg3 $146 {The position is equal.} (8. Bg5 {looks sharper.} Qb6 9. O-O h6 10. Bh4 Bd6 11. Ne5) ({Predecessor:} 8. Be5 Nd7 9. h3 Nxe5 10. Nxe5 Nf6 11. O-O Bd6 12. f4 Qb6 13. Ndf3 Rf8 {½-½ (34) Kourek,J (2269)-Bujnoch,R (2166) Czechia 2005}) 8... Nxg3 9. hxg3 Nd7 10. Rc1 Bd6 11. g4 O-O 12. Rh3 Qf6 13. Nb3 (13. g5 $5 {[%cal Rg5f6]} Qf5 14. Qb3 $14) 13... Rfe8 14. Kf1 e5 15. dxe5 Bxe5 16. d4 Bd6 17. Qd3 Nf8 18. Qf5 Qg6 19. Nh4 Qe6 20. Nf3 g6 (20... a5 {is interesting.} 21. Nc5 Bxc5 22. Rxc5 h6 23. Rh1 a4) 21. Qxe6 Rxe6 22. Ng5 Re7 23. Nf3 Kg7 24. Ke2 Nd7 25. Rch1 Rh8 26. g5 Nf8 27. Nc1 Ne6 {[#] Threatens to win with ...Nf4+.} 28. Nd3 Nf4+ (28... Ree8 $11) 29. Nxf4 $14 Bxf4 30. Kd3 $36 {[%mdl 2048] White is more active.} Bd6 31. g3 f6 32. gxf6+ Kxf6 33. Rh6 Rf7 34. Ke2 Bf8 35. R6h4 h6 36. Ne5 Rg7 $2 {[#]} (36... Rc7 $16 {keeps fighting.}) 37. Rxh6 $18 Rxh6 38. Rxh6 {[%mdl 4096] Endgame KRB-KRN} Bd6 39. Nd3 b6 (39... Re7 $142 40. Rh8 a6) 40. Rh8 Ke6 (40... c5 $142 41. a3 g5 42. Rh6+ Rg6) 41. b4 g5 42. g4 Rc7 (42... Kd7 $142 43. Rh6 a6) 43. Rg8 Kf6 44. Rh8 $2 (44. Ne5 $18) 44... c5 $2 {[%mdl 8192]} (44... Ke6 $11) 45. Rh6+ Ke7 46. bxc5 bxc5 47. dxc5 Bxc5 48. Rh7+ Kd6 49. Rxc7 Kxc7 50. Nxc5 {Precision: White = 48%, Black = 26%.} 1-0

[Event "2nd IMSA Basque 2017-Women"]
[Site "Huaian"]
[Date "2017.12.14"]
[Round "3"]
[White "Paehtz, Elisabeth"]
[Black "Dzagnidze, Nana"]
[Result "1-0"]
[WhiteElo "2464"]
[BlackElo "2522"]
[Annotator "TA"]
[PlyCount "114"]
[EventDate "2017.??.??"]
[EventType "tourn"]
[EventCountry "CHN"]
[SourceTitle "playchess.com"]
[Source "ChessBase"]
[SourceQuality "1"]

{[%evp 12,114,33,0,0,1,33,8,4,-29,-40,-25,-35,-32,-23,-27,0,0,0,0,17,17,17,17,22,17,37,0,0,0,0,0,0,-10,0,0,0,-19,0,0,0,0,0,0,0,0,0,0,0,0,0,0,0,0,0,0,91,87,139,135,131,120,155,60,122,117,110,108,185,106,187,178,302,307,302,302,494,521,518,466,495,467,872,860,814,811,702,683,1349,1244,868,516,1275,1041,29972,29972,29976,29977,29976,29976,29981,29981,29981,29982,29981]} 1. e4 c5 2. Nf3 e6 3. d4 cxd4 4. Nxd4 a6 5. Bd3 Nf6 6. O-O Qc7 7. f4 Bc5 {B42: Sicilian: Kan Variation: 5 Bd3} 8. c3 Nc6 9. Be3 (9. Kh1 Nxd4 10. cxd4 Bxd4 11. Nc3 Bxc3 12. bxc3 d5 13. e5 Nd7 14. f5 Nxe5 15. Bf4 Qxc3 {1-0 (32) Antoli Royo,J (2401)-Pogorelov,R (2408) Zaragoza 2012}) 9... d6 {Strongly threatening ...e5.The position is equal.} 10. Nd2 e5 {[#] And now ...Ng4 would win.} 11. Nc2 $146 ({Predecessor:} 11. Nf5 Bxf5 12. Bxc5 Bg4 13. Qc2 dxc5 14. f5 O-O-O 15. h3 Qd7 {0-1 (15) Grassmehl,G (2084)-Herrmann,U Bad Bevensen 1997}) 11... exf4 12. Rxf4 Ne5 13. Nb3 Nfg4 14. Bd4 Be6 15. h3 Nxd3 16. Qxd3 Ne5 17. Qg3 O-O 18. Rf2 f6 19. Nxc5 dxc5 20. Bxe5 Qxe5 21. Qxe5 fxe5 22. Ne3 Rfd8 23. a4 a5 (23... h6 {with more complications.} 24. a5 Rd3 25. Nf5 Rad8 26. Re1 Rd1) 24. Re2 (24. Nf5 {looks sharper.} h6 25. Nh4 Rd6 26. Ng6 Re8 27. Raf1) 24... Ra6 25. Nd5 Bxd5 26. Rd1 Rad6 27. Red2 c4 28. exd5 $11 {[%mdl 4096] Endgame KRR-KRR} Kf7 29. Kf2 Ke7 30. Ke3 Rf6 31. Rb1 Rc8 32. b4 cxb3 $1 33. Rxb3 b6 (33... Kd6 $1 $11 {keeps the balance.}) 34. Ke4 $16 Rc4+ (34... h5 $142) 35. Kxe5 Kd7 36. Rd4 Rc8 {[%cal Rc8e8] [#]} 37. Ke4 (37. Rg4 $16 Re8+ 38. Kd4) 37... Rd6 (37... Rg6 $14) 38. c4 Re8+ 39. Kd3 Rf6 (39... Rg6 $16 {was called for.}) 40. Rb2 (40. Rg4 $18) 40... h6 (40... Re1 $16) 41. Re4 $18 Ref8 (41... Rxe4 {keeps fighting.} 42. Kxe4 Kc7) 42. Rbe2 R8f7 43. Re6 Kc7 $2 (43... Kd8 {might work better.} 44. Re8+ Kc7 45. R2e7+ Kd6 46. Rxf7 Rxf7 47. Re6+ Kc7 48. Rc6+ Kb7) 44. Rxf6 gxf6 {KR-KR} 45. Re6 h5 46. Ke4 h4 (46... Rg7 $142 47. Kf3 (47. Rxf6 Rxg2 48. Rh6 Re2+ 49. Kd4 Rd2+ 50. Kc3 Ra2 $18) 47... h4) 47. Kf5 Rg7 48. Rc6+ Kb7 49. Rxf6 Rxg2 50. Rf7+ Kc8 51. Rh7 Ra2 (51... Rc2 $142 52. Rxh4 Kd7 53. Rh7+ Kd6 54. Rh6+ Kd7) 52. Ke6 Rxa4 53. d6 {[%cal Bd5d6,Bd6d7][%mdl 32] White mates.} Rxc4 54. d7+ Kc7 55. Rh8 Re4+ 56. Kd5 Kxd7 57. Kxe4 Kc6 {Precision: White = 72%, Black = 47%.} 1-0